00743 2200253 4500001002100000005001700021008004100038020001800079035002400097090001700121100002500138245012200163250001000285260004700295300001900342500002700361650002600388850001500414980001500429985000600444986000900450999001500459999001500474YOGYA-0209000003721920090227025227.0 ind  a979-719-018-4 0010-020900000037219 a248.4bBri P aBRIA, benyamin Y. Pr aPastoral perkawinan menurut kitab hukum kanonik tahun 1983 (beberapa kajian dan pedoman praktis)cBenyamin Y. Bria Pr aCet.1 aYogyakartabYayasan Pustaka Nusatamac2002 a111 hlmc21 cm aBibliografi : hlm. 111 aaPerkawinan Kristiani aYOPDYOG(B) a04-19-2006 a2 aMrbd a05B0011065 a05B0011066